=LDR 00000nam 2200000 4500 =001 000291 =005 20250710011142 =035 ##$$a 0010-0725000138 =245 1#$$a Ini Ikanku! Bukan, Ini Ikan Ku! /$c Suraj J Menon =100 #$$a Menon, Suraj J =250 ##$$a Cetakan Pertama =300 ##$$a 20 hlm. : $b ilus. ; $c 22,9 cm =260 ##$$a Jakarta :$b Badan Pengembangan dan Pembinaan Bahasa,$c 2022 =082 ##$$a 398.209 598 =084 ##$$a 398.209 598 MEN i =020 ##$$a 978-623-472-672-5 =600 #4$$a CERITA ANAK INDONESIA-TERJEMAHAN